Giá trị của sự tử tế = The power of kindness: the unexpected benefits of leading a compassionate life

Cuốn sách Giá trị của sự tử tế này, để cuộc sống thật sự có giá trị, ta cần củng cố và nuôi dưỡng những giá trị cơ bản của con người như sự nhiệt thành, lòng tốt và sự đồng cảm. Nếu làm được điều đó, cuộc sống của chúng ta s...

Ausführliche Beschreibung

Gespeichert in:
Bibliographische Detailangaben
1. Verfasser: Ferrucci, Piero
Format: Buch
Sprache:Undetermined
Veröffentlicht: Hà Nội Hồng Đức 2020
Schlagworte:
Tags: Tag hinzufügen
Keine Tags, Fügen Sie den ersten Tag hinzu!
Thư viện lưu trữ: Trung tâm Học liệu Trường Đại học Cần Thơ
LEADER 01242nam a2200217Ia 4500
001 CTU_238744
008 210402s9999 xx 000 0 und d
020 |c 108000 
082 |a 177.7 
082 |b F398 
100 |a Ferrucci, Piero 
245 0 |a Giá trị của sự tử tế = 
245 4 |b The power of kindness: the unexpected benefits of leading a compassionate life 
245 0 |c Piero Ferrucci ; Phạm Quốc Anh (dịch) 
260 |a Hà Nội 
260 |b Hồng Đức 
260 |c 2020 
520 |a Cuốn sách Giá trị của sự tử tế này, để cuộc sống thật sự có giá trị, ta cần củng cố và nuôi dưỡng những giá trị cơ bản của con người như sự nhiệt thành, lòng tốt và sự đồng cảm. Nếu làm được điều đó, cuộc sống của chúng ta sẽ trở nên có ý nghĩa, hạnh phúc và bình an hơn, đồng thời sẽ góp một phần tích cực vào thế giới quanh mình. 
650 |a Conduct of life,Ứng xử của cuộc sống 
904 |i Hải 
980 |a Trung tâm Học liệu Trường Đại học Cần Thơ